000 00629nam a2200229Ia 4500
005 20230518113548.0
008 131103s9999 xx 000 0 und d
020 _a8186423605
_cRs 140
040 _aLoreto College
041 _aEnglish
082 _a823.91
_bLAW-CEL
100 _aLawrence, D.H.
245 _aSons and Lovers
_b With introduction, annotations and critical essays
_cEdited by Ashok Celly
260 _aDelhi
_bWorldview
_c2006
300 _axxvi,506p
440 _aWorldview Critical Editions
650 _aFiction
651 _aNovel
700 _aCelly, Ashok, ed
850 _aLCLIB
942 _cBK
999 _c15377
_d65856